Consideraciones sobre el estado de las higienes materna e infantil en San Bartolo Tutotepec, Hgo. (Record no. 10765)

MARC details
000 -CABECERA
campo de control de longitud fija 00749nam a2200217 a 4500
001 - NÚMERO DE CONTROL
campo de control BRL_1958
005 - FECHA Y HORA DE LA ÚLTIMA TRANSACCIÓN
campo de control 20190320211442.0
008 - DATOS DE LONGITUD FIJA--INFORMACIÓN GENERAL
campo de control de longitud fija 211216s1949----mx-#######---#000-0#spa-#
041 ## - CÓDIGO DE LENGUA
Código de lengua del texto/banda sonora o título independiente spa
050 #4 - SIGNATURA TOPOGRÁFICA DE LA BIBLIOTECA DEL CONGRESO
Número de documento/Ítem L43 1949
100 1# - ENTRADA PRINCIPAL--NOMBRE DE PERSONA
Nombre de persona Lechuga Vergara, Carlos
9 (RLIN) 28312
245 10 - MENCIÓN DE TÍTULO
Título Consideraciones sobre el estado de las higienes materna e infantil en San Bartolo Tutotepec, Hgo.
260 ## - PUBLICACIÓN, DISTRIBUCIÓN, ETC.
Lugar de publicación, distribución, etc. México, D.F.
Fecha de publicación, distribución, etc. 1949
300 ## - DESCRIPCIÓN FÍSICA
Extensión 69 p.
Otras características físicas il., tablas
Dimensiones 22 cm.
500 ## - NOTA GENERAL
Nota general Au1251
500 ## - NOTA GENERAL
Nota general Con dedicatoria personal
502 ## - NOTA DE TESIS
Nota de tesis Tesis licenciatura (Licenciado en Medico Cirujano y Partero) UNAM, Facultad Nacional de Medicina
650 14 - PUNTO DE ACCESO ADICIONAL DE MATERIA--TÉRMINO DE MATERIA
Término de materia o nombre geográfico como elemento de entrada Infantil
Subdivisión general Cuidado e higiene
Subdivisión geográfica San Bartolo Tutotepec, Hidalgo
9 (RLIN) 28313
902 ## - CATALOGADOR
Iniciales TERL
942 ## - ELEMENTOS DE PUNTO DE ACCESO ADICIONAL (KOHA)
Fuente del sistema de clasificación o colocación Library of Congress Classification
Tipo de ítem Koha Tesis
Holdings
Estado de retiro Estado de pérdida Estado dañado No para préstamo Localización permanente Ubicación/localización actual Fecha de adquisición Número de inventario Total de préstamos Signatura topográfica completa Código de barras Fecha visto por última vez Precio válido a partir de Tipo de ítem Koha
El ejemplar forma parte de la colección y puede ser consultado según las políticas vigentes.       Biblioteca Centro de Estudios Ruth D. Lechuga Biblioteca Centro de Estudios Ruth D. Lechuga 21/12/2016 Au1251   L43 1949 (Au1251) TERL00007 22/03/2019 22/03/2019 Tesis